word scramble - disney/ pixar characters - Statistics

General Stats
  • This quiz has been taken 202 times
  • The average score is 13 of 18
Answer Stats
Hint Answer % Correct
ywood Woody
95%
lbele Belle
91%
Cdallreni Cinderella
89%
ibbma Bambi
83%
nmlau Mulan
83%
omne Nemo
82%
lggnntihi qcmeeun Lightning Mcqueen
79%
kcymei omsue Mickey mouse
79%
slae Elsa
77%
njsaeim Jasmine
77%
przlenau Rapunzel
75%
tpree npa Peter Pan
72%
Nswo ewthi Snow White
71%
daadlni Aladdin
69%
ulty zzbgiahre Buzz Lightyear
58%
ealir Ariel
53%
ntmio Timon
50%
lltberkein Tinkerbell
48%
No matching quizzes found
Score Distribution
Percent of People with Each Score
Percentile by Number Answered
Your Score History
You have not taken this quiz